Loading...
Religion | 0 | 8 | 0 | 0 | 80 | 103 | 124.63 | 0 | 0 |
Social Science | 0 | 7 | 3 | 1 | 55 | 83 | 123.43 | 0 | 1 |
Current Events | 0 | 5 | 0 | 1 | 50 | 89 | 106.80 | 0 | 1 |
Other Academic | 0 | 5 | 1 | 2 | 45 | 96 | 117.60 | 1 | 3 |
Science - Biology | 0 | 4 | 0 | 1 | 40 | 29 | 87.25 | 0 | 1 |
History - Other History | 0 | 5 | 2 | 0 | 40 | 70 | 94.00 | 0 | 0 |
History - World History | 0 | 5 | 2 | 1 | 40 | 101 | 129.60 | 0 | 0 |
Mythology | 0 | 4 | 0 | 2 | 40 | 152 | 157.50 | 0 | 0 |
Fine Arts - Other Fine Arts | 0 | 4 | 0 | 2 | 40 | 121 | 137.25 | 0 | 0 |
Geography | 0 | 5 | 3 | 0 | 35 | 39 | 103.40 | 1 | 1 |
History - American History | 0 | 4 | 1 | 0 | 35 | 106 | 119.00 | 0 | 0 |
History - European History | 0 | 4 | 1 | 1 | 35 | 63 | 98.50 | 0 | 1 |
Science - Other Science | 0 | 4 | 2 | 0 | 30 | 52 | 113.25 | 0 | 0 |
Fine Arts - Painting & Sculpture | 0 | 3 | 1 | 1 | 25 | 120 | 135.00 | 0 | 0 |
Philosophy | 0 | 2 | 0 | 1 | 20 | 127 | 134.50 | 0 | 0 |
Literature - British Literature | 0 | 2 | 0 | 1 | 20 | 135 | 143.00 | 0 | 0 |
Literature - European Literature | 0 | 2 | 0 | 2 | 20 | 161 | 163.00 | 0 | 0 |
Literature - World Literature | 0 | 2 | 1 | 0 | 15 | 135 | 140.50 | 0 | 0 |
Science - Chemistry | 0 | 2 | 2 | 0 | 10 | 106 | 121.50 | 0 | 0 |
Fine Arts - Classical Music | 0 | 1 | 0 | 0 | 10 | 147 | 147.00 | 0 | 0 |
Literature - American Literature | 0 | 0 | 1 | 0 | -5 | 0.00 | 0 | 0 |